ARRUPE JESUIT UNIVERSITY

CORONAVIRUS -STOP THE SPREAD - CLEAN,DISINFECT,COVER

Fight my beloved continent : (Record no. 126134)

MARC details
000 -LEADER
fixed length control field 00902nam a2200277 a 4500
001 - CONTROL NUMBER
control field 2467764
003 - CONTROL NUMBER IDENTIFIER
control field ARRUPE
005 - DATE AND TIME OF LATEST TRANSACTION
control field 20170216100440.0
008 - FIXED-LENGTH DATA ELEMENTS--GENERAL INFORMATION
fixed length control field 890817s1988 rh 000 0 eng
010 ## - LIBRARY OF CONGRESS CONTROL NUMBER
LC control number 89980661
020 ## - INTERNATIONAL STANDARD BOOK NUMBER
International Standard Book Number 0797408371
040 ## - CATALOGING SOURCE
Original cataloging agency DLC
Transcribing agency DLC
Modifying agency DLC
043 ## - GEOGRAPHIC AREA CODE
Geographic area code f------
050 00 - LIBRARY OF CONGRESS CALL NUMBER
Classification number DT30.5
Item number .S516 1988
082 00 - DEWEY DECIMAL CLASSIFICATION NUMBER
Classification number 320.96
Edition number 20
300 ## - PHYSICAL DESCRIPTION
Dimensions 21 cm.
100 1# - MAIN ENTRY--PERSONAL NAME
Personal name Shivji, Issa G.
9 (RLIN) 26886
245 10 - TITLE STATEMENT
Title Fight my beloved continent :
Remainder of title new democracy in Africa /
Statement of responsibility, etc by Issa G. Shivji.
250 ## - EDITION STATEMENT
Edition statement 1st ed.
260 ## - PUBLICATION, DISTRIBUTION, ETC. (IMPRINT)
Place of publication, distribution, etc Mount Pleasant, Harare :
Name of publisher, distributor, etc SAPES Trust,
Date of publication, distribution, etc 1988.
300 ## - PHYSICAL DESCRIPTION
Extent iii, 40 p. ;
440 #0 - SERIES STATEMENT/ADDED ENTRY--TITLE
Title Southern Africa political economy series
9 (RLIN) 23141
651 #0 - SUBJECT ADDED ENTRY--GEOGRAPHIC NAME
Geographic name Africa
General subdivision Democracy
9 (RLIN) 28866
906 ## - LOCAL DATA ELEMENT F, LDF (RLIN)
a 7
b cbc
c orignew
d 3
e ncip
f 19
g y-gencatlg
942 ## - ADDED ENTRY ELEMENTS (KOHA)
Source of classification or shelving scheme Library of Congress Classification
Koha item type Monograph ( Printed materials)
Holdings
Withdrawn status Lost status Source of classification or shelving scheme Damaged status Not for loan Collection code Home library Current library Shelving location Date acquired Total Checkouts Full call number Barcode Date last seen Price effective from Koha item type
    Library of Congress Classification     Main Collection ARRUPE LIBRARY ARRUPE LIBRARY Main Collection 16/02/2017   DT30.5 .S558 1988 46500023536 07/12/2017 16/02/2017 Monograph ( Printed materials)

 

Arrupe Library. PO Box MP320 Mt Pleasant, Harare, Zimbabwe
263 242 745411|librarian@aju.ac.zw